[Event "Hebraica op 25th"]
[Site "Hebraica"]
[Date "2018.01.12"]
[Round "1"]
[White "Vieira, Julia"]
[Black "Nunes, Guilherme Hurba"]
[Result "1-0"]
[WhiteElo "1800"]
[BlackElo "1746"]
[PlyCount "119"]
[EventDate "2018.01.12"]
[EventType "swiss"]
[EventRounds "6"]
[EventCountry "BRA"]
[SourceTitle "CBM 182 Extra"]
[Source "ChessBase"]
[SourceDate "2018.02.23"]
[SourceVersion "1"]
[SourceVersionDate "2018.02.23"]
[SourceQuality "1"]

1. c4 e6 2. Nc3 f5 3. g3 Nf6 4. Bg2 c6 5. Nf3 d5 6. cxd5 cxd5 7. d4 a6 8. 0-0 Bd6 9. b3 Nbd7 10. Bb2 b5 11. e3 Bb7 12. Rc1 Rc8 13. Ne2 Rxc1 14. Qxc1 Qa5 15. Qa1 0-0 16. Rc1 h6 17. Nf4 Kf7 18. Ne5+ Bxe5 19. dxe5 Nh7 20. Bf3 g6 21. h4 h5 22. a3 b4 23. axb4 Qxa1 24. Bxa1 Rc8 25. Rxc8 Bxc8 26. Nd3 Nhf8 27. Nc5 Ke7 28. Be2 Nxc5 29. bxc5 Kd7 30. b4 Kc6 31. Bd4 Kb7 32. Kg2 Bd7 33. Kf3 Ba4 34. Kf4 Nh7 35. Bd3 Bb5 36. Bc2 Kc6 37. f3 Bf1 38. g4 Kb5 39. gxh5 gxh5 40. e4 dxe4 41. fxe4 Kxb4 42. c6 Bb5 43. c7 Bd7 44. exf5 Nf8 45. Bd3 a5 46. Ba6 exf5 47. c8Q Ne6+ 48. Ke3 Bxc8 49. Bxc8 f4+ 50. Ke4 Nc7 51. Kxf4 a4 52. Kg5 Kc4 53. Ba1 a3 54. Kxh5 Kb3 55. e6 Ka2 56. Be5 Nd5 57. Bb7 Ne7 58. Kg5 Kb1 59. h5 a2 60. h6 1-0

[Event "Sao Paulo Schutt Cup 10th"]
[Site "Sao Paulo"]
[Date "2016.10.28"]
[Round "1"]
[White "Nunes, Guilherme Hurba"]
[Black "Ferreira, Renato Luis Bueloni"]
[Result "1-0"]
[WhiteElo "1762"]
[BlackElo "1376"]
[PlyCount "93"]
[EventDate "2016.10.28"]
[EventType "swiss"]
[EventRounds "6"]
[EventCountry "BRA"]
[SourceTitle "CBM 175 Extra"]
[Source "ChessBase"]
[SourceDate "2016.12.12"]
[SourceVersion "1"]
[SourceVersionDate "2016.12.12"]
[SourceQuality "1"]

1. d4 Nf6 2. Nf3 d5 3. b3 c6 4. Bb2 e6 5. e3 Be7 6. Bd3 Nbd7 7. 0-0 0-0 8. c4 Qc7 9. Ne5 Bd6 10. f4 a6 11. Nd2 b5 12. c5 Be7 13. b4 a5 14. a4 Ba6 15. bxa5 Nxe5 16. fxe5 Nd7 17. Rf3 f6 18. Rh3 Kf7 19. Qh5+ g6 20. Qxh7+ Ke8 21. Bxg6+ Kd8 22. Bf7 fxe5 23. Bxe6 e4 24. Bc3 Rb8 25. axb5 Bxb5 26. Qg7 Nf6 27. Rh8 Rxh8 28. Qxh8+ Ne8 29. Bf7 Kd7 30. Qh3+ Kd8 31. a6 Ra8 32. Ba5 Rxa6 33. Bxc7+ Kxc7 34. Rxa6 Bxa6 35. Bxe8 Bc8 36. Qh8 Bd7 37. Qe5+ Kd8 38. Bxd7 Kxd7 39. h4 Bxh4 40. Qg7+ Be7 41. g4 Ke8 42. g5 Bxg5 43. Qxg5 Kd7 44. Qf6 Kc7 45. Qe7+ Kc8 46. Nb3 Kb8 47. Qd7 1-0

[Event "Sao Bernardo do Campo LXSBC op 2nd"]
[Site "Sao Bernardo do Campo"]
[Date "2015.07.26"]
[Round "6"]
[White "Santos, Marcos Correia"]
[Black "Nunes, Guilherme Hurba"]
[Result "1-0"]
[WhiteElo "1546"]
[BlackElo "1801"]
[PlyCount "103"]
[EventDate "2015.07.24"]
[EventType "swiss"]
[EventRounds "6"]
[EventCountry "BRA"]
[SourceTitle "EXT 2016"]
[Source "ChessBase"]
[SourceDate "2015.10.08"]
[SourceVersion "1"]
[SourceVersionDate "2015.10.08"]
[SourceQuality "1"]

1. e4 c5 2. Nf3 g6 3. d4 cxd4 4. Nxd4 Bg7 5. Nc3 Nc6 6. Be3 e6 7. Ndb5 Bxc3+ 8. Nxc3 Nge7 9. Qd2 d5 10. 0-0-0 dxe4 11. Qxd8+ Nxd8 12. Nb5 Nd5 13. Rxd5 exd5 14. Nc7+ Kd7 15. Nxa8 b6 16. Nxb6+ axb6 17. Bxb6 Ne6 18. Bb5+ Kd6 19. a4 Bd7 20. Bxd7 Kxd7 21. Kd2 Rb8 22. a5 d4 23. Ra1 Kc6 24. b3 Nf4 25. Bxd4 Nxg2 26. a6 f5 27. a7 Ra8 28. Ra4 Nf4 29. Rb4 Nd5 30. Rb8 Nc7 31. Rxa8 Nxa8 32. Ke3 Kb7 33. Kf4 Nc7 34. c3 Ne6+ 35. Ke5 Nxd4 36. cxd4 Kxa7 37. d5 Kb7 38. d6 Kc8 39. b4 Kd7 40. b5 f4 41. Kxf4 Kxd6 42. Kxe4 Kc5 43. f4 Kxb5 44. h4 Kc6 45. Ke5 Kc5 46. h5 Kc6 47. hxg6 hxg6 48. Kf6 Kd6 49. Kxg6 Ke7 50. f5 Kf8 51. Kf6 Kg8 52. Ke7 1-0

[Event "Sao Paulo Hebraica op 21st"]
[Site "Sao Paulo"]
[Date "2015.07.12"]
[Round "5"]
[White "Nunes, Guilherme Hurba"]
[Black "Nunes, Adilson"]
[Result "1-0"]
[WhiteElo "1801"]
[BlackElo "1698"]
[PlyCount "96"]
[EventDate "2015.07.11"]
[EventType "swiss"]
[EventRounds "5"]
[EventCountry "BRA"]
[SourceTitle "CBM 167 Extra"]
[Source "ChessBase"]
[SourceDate "2015.09.14"]
[SourceVersion "1"]
[SourceVersionDate "2015.09.14"]
[SourceQuality "1"]

1. d4 d5 2. Nf3 Nf6 3. Bf4 Bg4 4. e3 e6 5. h3 Bh5 6. c4 Bb4+ 7. Nc3 Ne4 8. Rc1 0-0 9. Bd3 f5 10. Qb3 Bxc3+ 11. bxc3 b6 12. cxd5 exd5 13. g4 Bg6 14. gxf5 Bxf5 15. Bxc7 Qxc7 16. Qxd5+ Kh8 17. Qxa8 Nxf2 18. Bxf5 Nxh1 19. Ne5 Ng3 20. Bd3 Nd7 21. Qc6 Qxc6 22. Nxc6 Re8 23. Kf2 Nh5 24. Nxa7 Ra8 25. Nb5 Rxa2+ 26. Kf3 Rh2 27. Ra1 Nhf6 28. Ra8+ Ng8 29. Bc4 Ndf6 30. e4 g5 31. e5 Kg7 32. exf6+ Nxf6 33. Kg3 Rc2 34. Ra7+ Kh6 35. Bd3 Rd2 36. Bf5 Nh5+ 37. Kf3 Nf6 38. Rf7 g4+ 39. hxg4 Kg5 40. Bxh7 Nxg4 41. Rg7+ Kh5 42. Rxg4 Rb2 43. Bd3 Rh2 44. Bg6+ Kh6 45. d5 Rb2 46. d6 Rxb5 47. Rd4 Ra5 48. d7 Kxg6 1-0

[Event "Sao Paulo ECP Etapa Siegmund Gansl I"]
[Site "Sao Paulo"]
[Date "2015.06.13"]
[Round "3.12"]
[White "Primo E Silva, Beatriz"]
[Black "Nunes, Guilherme Hurba"]
[Result "0-1"]
[WhiteElo "1489"]
[BlackElo "1782"]
[PlyCount "94"]
[EventDate "2015.06.12"]
[EventType "swiss"]
[EventRounds "6"]
[EventCountry "BRA"]
[SourceTitle "EXT 2022"]
[Source "ChessBase"]
[SourceDate "2021.10.06"]
[SourceVersion "1"]
[SourceVersionDate "2021.10.06"]
[SourceQuality "1"]

1. e4 e6 2. d4 d5 3. Nc3 Nf6 4. e5 Nfd7 5. f4 c5 6. Nf3 Nc6 7. Be3 cxd4 8. Nxd4 Qb6 9. Na4 Qa5+ 10. c3 Nxd4 11. b4 Bxb4 12. Bxd4 Bc5 13. Nxc5 Nxc5 14. Qc2 Qc7 15. Bb5+ Bd7 16. c4 Bxb5 17. cxb5 Rc8 18. Rc1 Nd3+ 19. Kd2 Nxc1 20. Qxc7 Rxc7 21. Rxc1 Rxc1 22. Kxc1 b6 23. g4 Ke7 24. Kb2 Rc8 25. Be3 Rc4 26. Bd2 f6 27. exf6+ gxf6 28. h4 Kd6 29. Kb3 Kc5 30. a4 Kd4 31. g5 fxg5 32. fxg5 Kd3 33. Be1 Rg4 34. Bf2 e5 35. Be1 e4 36. Bf2 e3 37. Be1 e2 38. Kb2 Rxa4 39. h5 Rg4 40. g6 hxg6 41. hxg6 Rxg6 42. Kc1 Rg1 43. Kb2 Rxe1 44. Kb3 Rb1+ 45. Ka2 e1Q 46. Ka3 Qc3+ 47. Ka4 Qb4# 0-1

[Event "Sao Paulo ECP Etapa Siegmund Gansl I"]
[Site "Sao Paulo"]
[Date "2015.06.12"]
[Round "2.18"]
[White "Nunes, Guilherme Hurba"]
[Black "Hoshino, Meilin"]
[Result "1-0"]
[WhiteElo "1782"]
[BlackElo "1315"]
[PlyCount "117"]
[EventDate "2015.06.12"]
[EventType "swiss"]
[EventRounds "6"]
[EventCountry "BRA"]
[SourceTitle "EXT 2022"]
[Source "ChessBase"]
[SourceDate "2021.10.06"]
[SourceVersion "1"]
[SourceVersionDate "2021.10.06"]
[SourceQuality "1"]

1. d4 Nf6 2. Nf3 c6 3. e3 d5 4. b3 Bg4 5. Bb2 e6 6. h3 Bh5 7. Be2 Be7 8. Ne5 Bxe2 9. Qxe2 0-0 10. 0-0 Nbd7 11. Nd2 c5 12. c4 Rc8 13. f4 Qb6 14. Qf3 Rfd8 15. cxd5 Nxd5 16. Ndc4 Qc7 17. f5 Nxe5 18. Nxe5 Rf8 19. e4 Nf6 20. Rac1 b6 21. Rfd1 Qb7 22. d5 exd5 23. exd5 Bd6 24. Nc6 Kh8 25. Bxf6 gxf6 26. Qc3 Be7 27. Re1 Rfe8 28. Nxe7 Rxe7 29. Qxf6+ Kg8 30. Qxe7 Qxd5 31. Rcd1 Qc6 32. f6 h5 33. Rd8+ Rxd8 34. Qxd8+ Kh7 35. Qd3+ Kh6 36. Qe3+ Kg6 37. Qe4+ Qxe4 38. Rxe4 Kxf6 39. Re8 b5 40. Rc8 Ke6 41. Rxc5 b4 42. Rxh5 f5 43. Rh6+ Ke5 44. Ra6 f4 45. h4 Ke4 46. h5 f3 47. gxf3+ Kxf3 48. h6 Ke2 49. h7 Kd2 50. Rc6 a5 51. h8Q a4 52. Qd8+ Ke3 53. Re6+ Kf4 54. Qf6+ Kg4 55. Re4+ Kg3 56. Qg5+ Kf3 57. Qf5+ Kg3 58. Rg4+ Kh3 59. Qh5# 1-0

[Event "Sao Paulo Karman Cup 2nd"]
[Site "Sao Paulo"]
[Date "2014.11.23"]
[Round "6"]
[White "Mangini, Bruno Fernandes"]
[Black "Nunes, Guilherme Hurba"]
[Result "0-1"]
[WhiteElo "1714"]
[BlackElo "1758"]
[PlyCount "74"]
[EventDate "2014.11.21"]
[EventType "swiss"]
[EventRounds "6"]
[EventCountry "BRA"]
[SourceTitle "CBM 163 Extra"]
[Source "ChessBase"]
[SourceDate "2014.12.23"]
[SourceVersion "1"]
[SourceVersionDate "2014.12.23"]
[SourceQuality "1"]

1. d4 d5 2. c4 e6 3. cxd5 exd5 4. Nf3 Nf6 5. a3 b6 6. Bg5 Be7 7. e3 Bb7 8. Bd3 h6 9. Bh4 Ne4 10. Bxe7 Qxe7 11. 0-0 Nd7 12. Qc2 c6 13. Nbd2 f5 14. b4 g5 15. b5 c5 16. dxc5 Ndxc5 17. Bxe4 fxe4 18. Nd4 g4 19. N2b3 Rc8 20. Qd2 h5 21. Nf5 Qf8 22. Nbd4 h4 23. Rac1 Qf6 24. Qe2 Rg8 25. g3 h3 26. Rc3 Nd3 27. Rxc8+ Bxc8 28. Qc2 Bxf5 29. Qc7 Rg7 30. Qb8+ Kf7 31. Qh8 Rh7 32. Qb8 Bd7 33. Qxa7 Kg6 34. Qb8 Rg7 35. Qh8 Ne5 36. a4 Nf3+ 37. Nxf3 Qxf3 0-1

[Event "Sao Paulo Karman Cup 2nd"]
[Site "Sao Paulo"]
[Date "2014.11.23"]
[Round "5"]
[White "Nunes, Guilherme Hurba"]
[Black "Casarin, Luis Marcio Pinhatt"]
[Result "1-0"]
[WhiteElo "1758"]
[BlackElo "1865"]
[PlyCount "33"]
[EventDate "2014.11.21"]
[EventType "swiss"]
[EventRounds "6"]
[EventCountry "BRA"]
[SourceTitle "CBM 163 Extra"]
[Source "ChessBase"]
[SourceDate "2014.12.23"]
[SourceVersion "1"]
[SourceVersionDate "2014.12.23"]
[SourceQuality "1"]

1. d4 Nf6 2. Nf3 e6 3. e3 c5 4. b3 cxd4 5. exd4 d6 6. Bb2 Be7 7. Bd3 Nc6 8. 0-0 a6 9. a3 b5 10. c4 bxc4 11. bxc4 0-0 12. Qc2 Qc7 13. Re1 h6 14. Nbd2 Bb7 15. d5 Nd8 16. Ne4 Nd7 17. Nd4 1-0

[Event "Sao Paulo Karman Cup 2nd"]
[Site "Sao Paulo"]
[Date "2014.11.22"]
[Round "4"]
[White "Dias, Joao Batista de Sou"]
[Black "Nunes, Guilherme Hurba"]
[Result "0-1"]
[WhiteElo "1851"]
[BlackElo "1758"]
[PlyCount "94"]
[EventDate "2014.11.21"]
[EventType "swiss"]
[EventRounds "6"]
[EventCountry "BRA"]
[SourceTitle "CBM 163 Extra"]
[Source "ChessBase"]
[SourceDate "2014.12.23"]
[SourceVersion "1"]
[SourceVersionDate "2014.12.23"]
[SourceQuality "1"]

1. e4 e6 2. d4 d5 3. Nd2 c5 4. exd5 exd5 5. dxc5 Bxc5 6. Nb3 Bb6 7. Bb5+ Nc6 8. Qe2+ Qe7 9. Bg5 Qxe2+ 10. Nxe2 f6 11. Bh4 Bf5 12. 0-0-0 Nge7 13. Ned4 a6 14. Bxc6+ bxc6 15. Rhe1 Bd7 16. g4 Kf7 17. f3 c5 18. Nf5 Bxf5 19. gxf5 Nxf5 20. Bf2 d4 21. Nd2 Ba5 22. Re4 Bxd2+ 23. Kxd2 Nd6 24. Rg4 Nc4+ 25. Kc1 Rae8 26. Rdg1 g6 27. Rh4 h5 28. b3 Ne5 29. Rh3 a5 30. a4 Nc6 31. Rhg3 Re2 32. Be1 Rhe8 33. Bd2 Rxh2 34. Rxg6 Ree2 35. Rg7+ Ke6 36. Rd1 Nb4 37. Bxb4 axb4 38. Rc7 Rxc2+ 39. Kb1 Rb2+ 40. Ka1 Kd6 41. Rf7 Rxb3 42. Rxf6+ Ke5 43. Rc6 Kd5 44. Rc8 Rxf3 45. Rc1 Rc3 46. Rxc3 dxc3 47. a5 Kc4 0-1

[Event "Sao Paulo Hebraica op 18th"]
[Site "Sao Paulo"]
[Date "2014.07.17"]
[Round "1"]
[White "Nunes, Guilherme Hurba"]
[Black "Aranha Filho, Alvaro Zimmermann"]
[Result "0-1"]
[WhiteElo "1769"]
[BlackElo "2277"]
[PlyCount "80"]
[EventDate "2014.07.17"]
[EventType "swiss"]
[EventRounds "6"]
[EventCountry "BRA"]
[SourceTitle "CBM 161 Extra"]
[Source "ChessBase"]
[SourceDate "2014.08.29"]
[SourceVersion "1"]
[SourceVersionDate "2014.08.29"]
[SourceQuality "1"]

1. d4 Nf6 2. Nf3 e6 3. e3 b6 4. Be2 Bb7 5. 0-0 c5 6. b3 Be7 7. Bb2 0-0 8. Nbd2 Nc6 9. Ne5 d6 10. Nec4 b5 11. Na3 b4 12. Nac4 d5 13. Ne5 Nxe5 14. dxe5 Nd7 15. f4 f6 16. exf6 Bxf6 17. Bxf6 Nxf6 18. g4 Nd7 19. Bf3 e5 20. Nc4 e4 21. Nd6 Bc6 22. Be2 g6 23. c4 bxc3 24. Nb5 Nb6 25. Nxc3 d4 26. Bb5 Bxb5 27. Nxb5 Qd7 28. Na3 Rad8 29. Rc1 Nd5 30. Nc4 Nc3 31. Ne5 Qb5 32. Rxc3 dxc3 33. Qc2 Rd3 34. Nxd3 Qxd3 35. Qc1 Rd8 36. Rf2 Qd1+ 37. Qxd1 Rxd1+ 38. Kg2 Rd2 39. Kf1 Rxf2+ 40. Kxf2 c2 0-1

[Event "BRA-ch U20"]
[Site "Sao Paulo"]
[Date "2012.06.08"]
[Round "3"]
[White "Gomes Silverio, Taua"]
[Black "Nunes, Guilherme Hurba"]
[Result "1-0"]
[WhiteElo "1665"]
[BlackElo "1806"]
[PlyCount "85"]
[EventDate "2012.06.07"]
[EventType "swiss"]
[EventRounds "7"]
[EventCountry "BRA"]
[SourceTitle "EXT 2014"]
[Source "ChessBase"]
[SourceDate "2013.11.20"]
[SourceVersion "1"]
[SourceVersionDate "2013.11.20"]
[SourceQuality "1"]

1. Nf3 d5 2. c4 e6 3. g3 f5 4. Bg2 c6 5. 0-0 Nf6 6. Nc3 Bd6 7. d4 0-0 8. cxd5 exd5 9. Be3 Nbd7 10. Qd2 Ne4 11. Nxe4 fxe4 12. Ne1 Nf6 13. Bg5 Rf7 14. f3 Qf8 15. Bxf6 Rxf6 16. fxe4 Rxf1+ 17. Bxf1 dxe4 18. Bg2 Bf5 19. Qe3 Qe7 20. Nc2 h5 21. Rf1 Rf8 22. Qb3+ Kh8 23. Ne3 g6 24. Nc4 Bb8 25. Na5 c5 26. Qxb7 Qxb7 27. Nxb7 cxd4 28. Bxe4 Re8 29. Bxf5 gxf5 30. Rxf5 Rxe2 31. Rf8+ Kg7 32. Rxb8 d3 33. Kf1 Rxb2 34. Ke1 d2+ 35. Kd1 Kh7 36. a4 Kg7 37. a5 Ra2 38. Rd8 Ra1+ 39. Ke2 Rb1 40. a6 Rb6 41. Rd6 d1Q+ 42. Kxd1 Rb1+ 43. Kc2 1-0

[Event "BRA-ch U20"]
[Site "Sao Paulo"]
[Date "2012.06.08"]
[Round "4"]
[White "Nunes, Guilherme Hurba"]
[Black "De Assis, Henrique Zerbini J"]
[Result "0-1"]
[WhiteElo "1806"]
[BlackElo "1766"]
[PlyCount "76"]
[EventDate "2012.06.07"]
[EventType "swiss"]
[EventRounds "7"]
[EventCountry "BRA"]
[SourceTitle "EXT 2014"]
[Source "ChessBase"]
[SourceDate "2013.11.20"]
[SourceVersion "1"]
[SourceVersionDate "2013.11.20"]
[SourceQuality "1"]

1. d4 Nf6 2. Nf3 e6 3. e3 b6 4. b3 Bb7 5. Bb2 Nc6 6. Be2 Be7 7. 0-0 0-0 8. c4 d6 9. Nbd2 Nb8 10. Qc2 Nbd7 11. Bd3 a5 12. e4 g6 13. h3 d5 14. e5 Nh5 15. g3 c5 16. Be2 dxc4 17. Nxc4 b5 18. Nd6 Bxd6 19. exd6 Rc8 20. Qd2 c4 21. bxc4 bxc4 22. Rac1 Ndf6 23. Ne5 Qxd6 24. g4 Ng7 25. Nxc4 Qc6 26. f3 Qc7 27. Ne5 Qd6 28. Kg2 Nd7 29. Nc4 Qd5 30. Ba3 Rfd8 31. Be7 Re8 32. Nd6 Rxc1 33. Nxe8 Rxf1 34. Nxg7 Rxf3 35. Bxf3 Qxf3+ 36. Kg1 Qh1+ 37. Kf2 Qg2+ 38. Ke3 Qf3# 0-1

[Event "BRA-ch U20"]
[Site "Sao Paulo"]
[Date "2012.06.07"]
[Round "1"]
[White "Maranhao, Jose Renato Ruiz"]
[Black "Nunes, Guilherme Hurba"]
[Result "1-0"]
[WhiteElo "2090"]
[BlackElo "1806"]
[PlyCount "123"]
[EventDate "2012.06.07"]
[EventType "swiss"]
[EventRounds "7"]
[EventCountry "BRA"]
[SourceTitle "EXT 2014"]
[Source "ChessBase"]
[SourceDate "2013.11.20"]
[SourceVersion "1"]
[SourceVersionDate "2013.11.20"]
[SourceQuality "1"]

1. e4 e6 2. d4 d5 3. Nc3 dxe4 4. Nxe4 Bd7 5. Nf3 Bc6 6. Ng3 Bxf3 7. Qxf3 c6 8. c3 Nf6 9. Bd3 Bd6 10. 0-0 Nbd7 11. Re1 0-0 12. Bf4 Qc7 13. Bxd6 Qxd6 14. Re3 g6 15. Rae1 Kg7 16. Ne4 Nxe4 17. Rxe4 h5 18. Qh3 Nf6 19. Re5 Ng4 20. R5e4 Nf6 21. Re5 Ng4 22. R5e4 Nf6 23. R4e3 Ng4 24. R3e2 Rae8 25. Qh4 Re7 26. f3 Nf6 27. Re5 Rfe8 28. g4 hxg4 29. fxg4 Rh8 30. Qg5 Nd7 31. R5e2 Rh6 32. Rf1 f6 33. Qf4 Qxf4 34. Rxf4 e5 35. g5 fxg5 36. Rfe4 Rh3 37. Bc4 Nf6 38. Rxe5 Rxe5 39. Rxe5 b5 40. Re7+ Kh6 41. Bf1 Rh4 42. Rxa7 Nd5 43. Bg2 b4 44. Bxd5 cxd5 45. Ra5 bxc3 46. bxc3 Rh3 47. Rc5 Rd3 48. a4 Kg7 49. a5 Kf7 50. Rc7+ Ke6 51. a6 Rd1+ 52. Kg2 Kd6 53. a7 Ra1 54. Rg7 Kc6 55. Rxg6+ Kb5 56. Rg7 Kb6 57. Kf3 Rxa7 58. Rxa7 Kxa7 59. Kg4 Kb6 60. Kxg5 Kb5 61. Kf4 Kc4 62. Ke3 1-0

[Event "BRA-ch U18"]
[Site "Sao Paulo"]
[Date "2012.04.29"]
[Round "3"]
[White "Nunes, Guilherme Hurba"]
[Black "Paris, Esdras dos Santos"]
[Result "1-0"]
[WhiteElo "1806"]
[BlackElo "1825"]
[PlyCount "49"]
[EventDate "2012.04.28"]
[EventType "swiss"]
[EventRounds "7"]
[EventCountry "BRA"]
[SourceTitle "CBM 148 Extra"]
[Source "ChessBase"]
[SourceDate "2012.06.22"]
[SourceVersion "1"]
[SourceVersionDate "2012.06.22"]
[SourceQuality "1"]

1. d4 d5 2. Nf3 e6 3. e3 c6 4. Bd3 Nf6 5. 0-0 Bd6 6. b3 Nbd7 7. Bb2 Qc7 8. c4 dxc4 9. bxc4 c5 10. Qa4 0-0 11. Qc2 b6 12. Nc3 a6 13. d5 Ne5 14. Nxe5 Bxe5 15. f4 Bd6 16. dxe6 Bxe6 17. Ne4 Nxe4 18. Bxe4 Rad8 19. Bxh7+ Kh8 20. Rf3 f6 21. h3 Bg8 22. Bg6 Bf7 23. f5 Be5 24. Qe4 Bg8 25. Qh4+ 1-0

[Event "BRA-ch U18"]
[Site "Sao Paulo"]
[Date "2012.04.29"]
[Round "4"]
[White "Nunes, Guilherme Hurba"]
[Black "Stone, Ronnie Frank Pires"]
[Result "0-1"]
[WhiteElo "1806"]
[BlackElo "1946"]
[PlyCount "70"]
[EventDate "2012.04.28"]
[EventType "swiss"]
[EventRounds "7"]
[EventCountry "BRA"]
[SourceTitle "CBM 148 Extra"]
[Source "ChessBase"]
[SourceDate "2012.06.22"]
[SourceVersion "1"]
[SourceVersionDate "2012.06.22"]
[SourceQuality "1"]

1. d4 Nf6 2. Nf3 g6 3. e3 Bg7 4. Bd3 d5 5. 0-0 0-0 6. b3 Nbd7 7. Bb2 c5 8. Ne5 Nxe5 9. dxe5 Ng4 10. Be2 Nxe5 11. c3 e6 12. f4 Nc6 13. Bf3 Qc7 14. Nd2 b6 15. h4 Ba6 16. Re1 Rad8 17. h5 Nb4 18. cxb4 Bxb2 19. Rb1 Bg7 20. bxc5 Qxc5 21. hxg6 hxg6 22. b4 Qe7 23. b5 Bb7 24. Qa4 Ba8 25. Nb3 Rc8 26. Be2 Rc3 27. Bf1 Rfc8 28. g3 g5 29. Re2 a5 30. Nxa5 Ra3 31. Nc6 Bxc6 32. Qc2 Bd7 33. Qd1 Rcc3 34. Qd2 Qc5 35. Kf2 Bxb5 0-1

[Event "Sao Paulo Braga op"]
[Site "Sao Paulo"]
[Date "2011.04.24"]
[Round "9"]
[White "Santana, Expedito"]
[Black "Nunes, Guilherme Hurba"]
[Result "0-1"]
[WhiteElo "1706"]
[BlackElo "1806"]
[PlyCount "36"]
[EventDate "2011.04.20"]
[EventType "swiss"]
[EventRounds "9"]
[EventCountry "BRA"]
[SourceTitle "EXT 2022"]
[Source "ChessBase"]
[SourceDate "2021.10.06"]
[SourceVersion "1"]
[SourceVersionDate "2021.10.06"]
[SourceQuality "1"]

1. g3 d5 2. d4 f5 3. Bf4 Nf6 4. Bg2 e6 5. Nf3 c5 6. e3 Ne4 7. Ne5 g6 8. 0-0 cxd4 9. exd4 Bg7 10. c3 0-0 11. Nd2 g5 12. f3 Nxc3 13. Bxg5 Bxe5 14. Bxd8 Bxd4+ 15. Kh1 Nxd1 16. Raxd1 Rxd8 17. b3 Bf6 18. f4 Nc6 0-1

[Event "Sao Paulo Braga op"]
[Site "Sao Paulo"]
[Date "2011.04.22"]
[Round "5"]
[White "De Oliveira, Maicon Almeida"]
[Black "Nunes, Guilherme Hurba"]
[Result "1-0"]
[WhiteElo "1963"]
[BlackElo "1806"]
[PlyCount "49"]
[EventDate "2011.04.20"]
[EventType "swiss"]
[EventRounds "9"]
[EventCountry "BRA"]
[SourceTitle "EXT 2022"]
[Source "ChessBase"]
[SourceDate "2021.10.06"]
[SourceVersion "1"]
[SourceVersionDate "2021.10.06"]
[SourceQuality "1"]

1. e4 c5 2. Nf3 d6 3. d4 cxd4 4. Nxd4 Nf6 5. Nc3 a6 6. Bg5 e6 7. f4 Be7 8. Qf3 h6 9. Bh4 Nbd7 10. 0-0-0 Nb6 11. g4 e5 12. Nf5 Bxf5 13. exf5 e4 14. Nxe4 Nxe4 15. Qxe4 f6 16. Bf2 Qc7 17. Re1 Nc8 18. Bc4 Kd8 19. Re3 Rb8 20. Rc3 Qa5 21. Be6 Nb6 22. Qd4 Na4 23. Qa7 Qc7 24. Rxc7 Kxc7 25. Qd4 1-0